000 00784nam a2200241 i 4500
001 18986
003 ES-MaACL
005 20231220194133.0
007 t|
008 020425s2000 sp ||||1| spa d
020 _a84-8319-111-3
080 _a330.84/86(100)
080 _a329.1"19"
245 0 0 _aOpciones alternativas
_b: reflexiones desde la izquierda para el nuevo siglo /
_cConcha Caballero ... [et al.] ; Jaime Pastor (coord.).
260 _aMadrid :
_bLos Libros de la Catarata,
_c[2000]
300 _a201 p. ;
_c20 cm.
650 1 4 _aIdeologĂ­a-
_yS.XX.
_913547
650 1 4 _aSocialismo-
_yS.XX.
_917164
700 1 _aCaballero, Concha.
_933075
700 1 _aPastor, Jaime,
_d1946-
_989478
852 _aES-MaACL
_jL-25444
_bR.130201
999 _c18986
_d18986